000 00897nam0a22002771 4500
001 rc\2167258
005 20250623012352.0
035 _a(NLR Aleph) 006509138
090 _a6311635
_c6311635
100 _a20110829d1979 |||y0rusy50 ca
101 0 _arus
102 _aRU
105 _aa z |||||
200 1 _aБукварь
_f[Н. Архангельская, Е. Карлсен, А. Кеменова и др.]
205 _a14-е изд.
210 _aМосква
_cПросвещение
_d1979
215 _a103 с., 5 отд. л. цв. ил.
_d22
606 _aРусский язык
_jБуквари
_2psbo
701 1 _aКарлсен
_bЕ.
701 1 _aАрхангельская
_bН.В.
_gНаталия Вениаминовна
701 1 _aКеменова
_bА.
801 0 _aRU
_bNLR
_gpsbo
801 1 _aRU
_bELAR
_2rusmarc
852 _aNLR
_j78-5/3855
942 _cBOOK
980 _aNB